000 00582cam a2200205 4500500
005 20260405002649.0
041 _afre
042 _adc
100 1 0 _aTenaillon, Nicolas
_eauthor
245 0 0 _aLire et vivre
260 _c2018.
500 _a59
690 _aCatherine Portevin
690 _aComte-Sponville
690 _aHommage
690 _aLivre
690 _aTodorov
786 0 _nPhilosophie magazine | 117 | 3 | 2018-03-01 | p. 41-41 | 1951-1787
856 4 1 _uhttps://shs.cairn.info/magazine-philosophie-magazine-2018-3-page-41?lang=fr&redirect-ssocas=7080
999 _c2059851
_d2059851